Les films de... Steven Spielberg - Statistiques

Statistiques générales
  • Ce quiz a été pris 124 fois
  • Le résultat moyen est 10 sur 42
Statistiques - réponses
Date de sortie Nom % Correct
1982 E.T., l'extra-terrestre
73%
1993 Jurassic Park
72%
1975 Les Dents de la mer
65%
1993 La Liste de Schindler
57%
2018 Ready Player One
46%
1984 Indiana Jones et le Temple maudit
39%
1981 Les Aventuriers de l'arche perdue
39%
1998 Il faut sauver le soldat Ryan
38%
1989 Indiana Jones et la Dernière Croisade
38%
2002 Arrête-moi si tu peux
33%
1977 Rencontres du troisième type
31%
2005 La Guerre des Mondes
29%
2002 Minority Report
28%
1985 La Couleur pourpre
27%
2005 Munich
27%
1979 1941
23%
2008 Indiana Jones et le Royaume du crâne de cristal
23%
2012 Lincoln
22%
2001 A.I. Intelligence artificielle
21%
2011 Cheval de guerre
20%
2016 Le Bon Gros Géant
20%
2015 Le Pont des Espions
20%
2004 Le Terminal
20%
1997 Amistad
18%
1997 Le Monde perdu : Jurassic Park
18%
2017 Pentagon Papers
18%
2011 Les Aventures de Tintin : le Secret de la Licorne
17%
2021 West Side Story
17%
1987 Empire du soleil
16%
1989 Always
15%
1991 Hook ou la Revanche du capitaine Crochet
14%
1974 Sugarland Express
13%
1983 La Quatrième Dimension
9%
2011 Super 8
9%
1964 Firelight
5%
1982 Poltergeist
5%
1991 Fievel au Far West
2%
2014 Les Recettes du bonheur
2%
2006 Lettres d'Iwo Jima
2%
2006 Mémoires de nos pères
2%
2005 Mémoires d'une geisha
2%
2020 Les sept de chicago
1%
Aucun quiz correspondant
Distribution des résultats
% des personnes avec chaque résultat
Percentile par nombre de réponses
Votre historique - résultats
Vous n’avez pas pris ce quiz